[Event "GER-ch Net final U18"]
[Site "Playchess.com INT"]
[Date "2011.05.18"]
[Round "9"]
[White "Kotainy, Jens"]
[Black "Schmitt, Philipp"]
[Result "1-0"]
[WhiteElo "2423"]
[BlackElo "1999"]
[PlyCount "85"]
[EventDate "2011.05.18"]
[EventType "swiss (blitz)"]
[EventRounds "9"]
[EventCountry "GER"]
[SourceTitle "CBM 142 Extra"]
[Source "ChessBase"]
[SourceDate "2011.06.27"]
[SourceVersion "1"]
[SourceVersionDate "2011.06.27"]
[SourceQuality "1"]

1. e4 e6 2. d4 d5 3. Nc3 Nf6 4. Bg5 dxe4 5. Nxe4 Nbd7 6. Nf3 h6 7. Bxf6 Nxf6 8. Bd3 Nxe4 9. Bxe4 c5 10. 0-0 Be7 11. dxc5 Qxd1 12. Raxd1 Bxc5 13. Ne5 0-0 14. Nd7 Be7 15. Nxf8 Bxf8 16. Rd8 g6 17. Rfd1 Kg7 18. Re8 f5 19. Bf3 g5 20. Rdd8 Bb4 21. Rxc8 Rxc8 22. Rxc8 g4 23. Bxb7 Kf6 24. Kf1 Ke5 25. Ke2 a5 26. Rh8 a4 27. Rxh6 a3 28. bxa3 Bxa3 29. Bc8 Kf4 30. Rxe6 Bb2 31. a4 Bc3 32. Rc6 Bb4 33. Rc4+ Kg5 34. Rxb4 Kh4 35. g3+ Kh3 36. Rf4 Kg2 37. Bb7+ Kg1 38. a5 Kxh2 39. a6 Kg1 40. a7 Kh2 41. a8Q Kg1 42. Qa1+ Kh2 43. Qh1# 1-0

[Event "GER-ch Net final U18"]
[Site "Playchess.com INT"]
[Date "2011.05.18"]
[Round "3"]
[White "Schmitt, Philipp"]
[Black "Hahn, Markus"]
[Result "1/2-1/2"]
[WhiteElo "1999"]
[BlackElo "2064"]
[PlyCount "102"]
[EventDate "2011.05.18"]
[EventType "swiss (blitz)"]
[EventRounds "9"]
[EventCountry "GER"]
[SourceTitle "CBM 142 Extra"]
[Source "ChessBase"]
[SourceDate "2011.06.27"]
[SourceVersion "1"]
[SourceVersionDate "2011.06.27"]
[SourceQuality "1"]

1. e4 c5 2. Nf3 e6 3. d4 cxd4 4. Nxd4 a6 5. Bd3 Nf6 6. Nc3 Qc7 7. Be3 b5 8. a3 Bb7 9. f3 d6 10. 0-0 Nbd7 11. Re1 Be7 12. Qd2 Rc8 13. h3 0-0 14. f4 Rfd8 15. Qf2 Bf8 16. Qg3 g6 17. Rad1 Bh6 18. Bxb5 axb5 19. Ndxb5 Qb8 20. Nxd6 Rc6 21. e5 Nh5 22. Qh4 Ba6 23. g4 Bxf4 24. gxh5 Bxe5 25. Nde4 Bh2+ 26. Kh1 Bb7 27. hxg6 hxg6 28. Bd4 Be5 29. Bxe5 Qxe5 30. Qxd8+ Kg7 31. Qxd7 Rxc3 32. bxc3 Bxe4+ 33. Rxe4 Qxe4+ 34. Kg1 Qe3+ 35. Kg2 Qe2+ 36. Kg3 Qe3+ 37. Kg4 Qe4+ 38. Kg3 Qe3+ 39. Kg2 Qe2+ 40. Kg1 Qe3+ 41. Kf1 Qf3+ 42. Ke1 Qe3+ 43. Kf1 Qf3+ 44. Kg1 Qg3+ 45. Kh1 Qxh3+ 46. Kg1 Qg3+ 47. Kf1 Qf3+ 48. Kg1 Qg3+ 49. Kf1 Qf3+ 50. Ke1 Qe3+ 51. Kf1 Qf3+ 1/2-1/2

[Event "GER-ch Net qual3 U25"]
[Site "Playchess.com INT"]
[Date "2011.05.08"]
[Round "4"]
[White "Jovalekic, Oliver"]
[Black "Schmitt, Philipp"]
[Result "0-1"]
[WhiteElo "2097"]
[BlackElo "2049"]
[PlyCount "150"]
[EventDate "2011.05.08"]
[EventType "swiss (blitz)"]
[EventRounds "7"]
[EventCountry "GER"]
[SourceTitle "CBM 142 Extra"]
[Source "ChessBase"]
[SourceDate "2011.06.27"]
[SourceVersion "1"]
[SourceVersionDate "2011.06.27"]
[SourceQuality "1"]

1. e4 e6 2. d4 d5 3. Nc3 Nf6 4. Bg5 Bb4 5. e5 h6 6. Bd2 Nfd7 7. Qg4 g6 8. f4 c5 9. Nf3 Nc6 10. 0-0-0 cxd4 11. Nb5 0-0 12. Nbxd4 Qa5 13. Bxb4 Nxb4 14. a3 Nc5 15. axb4 Qa1+ 16. Kd2 Ne4+ 17. Ke1 Qxb2 18. Bd3 Qxb4+ 19. Kf1 Bd7 20. Bxe4 dxe4 21. Nh4 Kh7 22. Qe2 Rfd8 23. g3 Ba4 24. Qd2 Qxd2 25. Rxd2 e3 26. Rd3 Bxc2 27. Rc3 Be4 28. Ndf3 Rd1+ 29. Kg2 e2 30. Re3 Bd3 31. Re1 a5 32. Kf2 a4 33. Nd4 a3 34. Nxe2 Rxe1 35. Kxe1 a2 36. Rxd3 a1Q+ 37. Kf2 Qa4 38. Nf3 Rc8 39. Nfd4 Rc4 40. Ke3 b5 41. Nc3 Qa1 42. Ncxb5 Qe1+ 43. Kf3 Qf1+ 44. Ke3 Qg1+ 45. Kf3 Qxh2 46. Nd6 Qh1+ 47. Ke3 Qg1+ 48. Ke4 Qg2+ 49. Ke3 Qxg3+ 50. Ke4 Qg2+ 51. Ke3 Qg1+ 52. Ke4 Qe1+ 53. Kf3 Qf1+ 54. Ke3 Rc1 55. Nxf7 Re1+ 56. Kd2 Qxf4+ 57. Kc3 Qxf7 58. Nc2 Rf1 59. Ne3 Rf3 60. Kd2 Qf4 61. Ke2 Rxe3+ 62. Rxe3 Qxe3+ 63. Kxe3 g5 64. Ke4 Kg6 65. Kd4 Kf5 66. Ke3 Kxe5 67. Kf3 Kf5 68. Kg3 e5 69. Kh3 e4 70. Kh2 e3 71. Kh1 Kf4 72. Kh2 Kf3 73. Kh1 e2 74. Kh2 e1Q 75. Kh3 Qh1# 0-1

[Event "GER-ch Net qual3 U25"]
[Site "Playchess.com INT"]
[Date "2011.05.08"]
[Round "2"]
[White "Severin, Florian"]
[Black "Schmitt, Philipp"]
[Result "0-1"]
[WhiteElo "1768"]
[BlackElo "2049"]
[PlyCount "46"]
[EventDate "2011.05.08"]
[EventType "swiss (blitz)"]
[EventRounds "7"]
[EventCountry "GER"]
[SourceTitle "CBM 142 Extra"]
[Source "ChessBase"]
[SourceDate "2011.06.27"]
[SourceVersion "1"]
[SourceVersionDate "2011.06.27"]
[SourceQuality "1"]

1. e4 c5 2. Nf3 Nc6 3. d4 cxd4 4. Nxd4 d6 5. Bc4 Nf6 6. Nc3 e6 7. Be3 a6 8. e5 Nxe5 9. Bb3 Be7 10. f4 Neg4 11. Bd2 e5 12. fxe5 dxe5 13. Nf3 Bc5 14. Rf1 0-0 15. Ng5 Qe7 16. Nd5 Nxd5 17. Qxg4 Bxg4 18. Bxd5 Be6 19. Be4 f5 20. Bf3 e4 21. Bh5 e3 22. 0-0-0 exd2+ 23. Rxd2 Qxg5 0-1

[Event "GER-ch Net qual2 U18"]
[Site "Playchess.com INT"]
[Date "2011.05.04"]
[Round "7"]
[White "Kartsev, Alexandr"]
[Black "Schmitt, Philipp"]
[Result "0-1"]
[WhiteElo "1857"]
[BlackElo "1973"]
[PlyCount "132"]
[EventDate "2011.05.04"]
[EventType "swiss (blitz)"]
[EventRounds "7"]
[EventCountry "GER"]
[SourceTitle "CBM 142 Extra"]
[Source "ChessBase"]
[SourceDate "2011.06.27"]
[SourceVersion "1"]
[SourceVersionDate "2011.06.27"]
[SourceQuality "1"]

1. e4 e6 2. d4 d5 3. e5 c5 4. c3 Qb6 5. Nf3 Nc6 6. a3 Nh6 7. b4 cxd4 8. cxd4 Nf5 9. Bb2 Bd7 10. g4 Nfe7 11. Rg1 Na5 12. Nbd2 Rc8 13. Rc1 Ng6 14. Rxc8+ Bxc8 15. Qa4+ Nc6 16. Nb3 Bd7 17. Nc5 Bxc5 18. dxc5 Qc7 19. Bb5 Ngxe5 20. Nxe5 Nxe5 21. Bxd7+ Qxd7 22. Qxd7+ Nxd7 23. Bxg7 Rg8 24. Bb2 e5 25. h3 Ke7 26. Ke2 Ke6 27. f4 f6 28. Ke3 h5 29. g5 d4+ 30. Kf3 fxg5 31. Rxg5 Rxg5 32. fxg5 Kf5 33. h4 e4+ 34. Kg3 Ke5 35. g6 Nf6 36. g7 e3 37. Kf3 Kd5 38. Bc1 Kc4 39. Bxe3 dxe3 40. Kxe3 Kd5 41. Kf4 Ke6 42. b5 Kf7 43. c6 bxc6 44. bxc6 Kxg7 45. Ke5 Ne8 46. Ke6 Nc7+ 47. Kd7 Nb5 48. a4 Nc3 49. c7 Nxa4 50. c8Q Nb6+ 51. Kc7 Nxc8 52. Kxc8 a5 53. Kc7 a4 54. Kd7 a3 55. Kd6 a2 56. Ke6 a1Q 57. Kd7 Qf6 58. Kc7 Qe6 59. Kb7 Qd6 60. Ka7 Qc6 61. Kb8 Qd7 62. Ka8 Kf6 63. Kb8 Ke6 64. Ka8 Kd6 65. Kb8 Kc6 66. Ka8 Qb7# 0-1

[Event "GER-ch Net qual2 U18"]
[Site "Playchess.com INT"]
[Date "2011.05.04"]
[Round "6"]
[White "Schmitt, Philipp"]
[Black "Perestjuk, Marko"]
[Result "1-0"]
[WhiteElo "1973"]
[BlackElo "1957"]
[PlyCount "81"]
[EventDate "2011.05.04"]
[EventType "swiss (blitz)"]
[EventRounds "7"]
[EventCountry "GER"]
[SourceTitle "CBM 142 Extra"]
[Source "ChessBase"]
[SourceDate "2011.06.27"]
[SourceVersion "1"]
[SourceVersionDate "2011.06.27"]
[SourceQuality "1"]

1. e4 c5 2. Nf3 d6 3. d4 cxd4 4. Nxd4 Nf6 5. Nc3 g6 6. Be3 Bg7 7. f3 0-0 8. Qd2 Nc6 9. 0-0-0 d5 10. exd5 Nxd5 11. Nxc6 bxc6 12. Bd4 Bxd4 13. Qxd4 Qc7 14. Bc4 Nb6 15. Bb3 c5 16. Qh4 c4 17. Ba4 Rb8 18. Nd5 Nxd5 19. Rxd5 Qb7 20. Rb5 Qc7 21. Rxb8 Qxb8 22. Qxe7 Be6 23. Qf6 Rc8 24. c3 Qb6 25. Qd4 Qa5 26. Bc2 Qxa2 27. Bb1 Qa5 28. h4 Rd8 29. Qf4 Qa1 30. g4 a5 31. h5 a4 32. hxg6 fxg6 33. Qf6 Re8 34. Rxh7 Qxb1+ 35. Kxb1 Kxh7 36. Ka2 Bg8 37. Ka3 Rb8 38. Qh4+ Kg7 39. Qe7+ Kh6 40. Qe3+ Kh7 41. Qa7+ 1-0